Nestál som veľa. Len niekoľko fliaš slivovice, smeje sa F. Kolláth

Bibliographic Details
Main Author: Mezencev, Vladimír, 1944- (Author)
Format: Article
Language:Slovak
PhysicalDescription:Fotografie
ISSN:2585-7355
Subjects:
Online Access:https://kosice.korzar.sme.sk/c/22134212/nestal-som-vela-len-niekolko-flias-slivovice-smeje-sa-frantisek-kollath.html

MARC

LEADER 00000nab a2200000u 4500
001 vtls011888953
003 SK-MaSNL
005 20260303193416.0
008 190924|20190920xo ||||||| || ||slo|
038 |a KEVKJB 
040 |a KEVKJB  |b slo  |e rda 
041 0 |a slo 
043 |a e-xo--- 
044 |a xo  |c SK 
072 7 |a 796  |x Šport. Hry. Telesné cvičenia  |2 konspekt 
080 |a 796.966  |2 2011 
100 1 |a Mezencev, Vladimír,  |d 1944-  |4 aut  |9 234134 
245 1 0 |a Nestál som veľa. Len niekoľko fliaš slivovice, smeje sa F. Kolláth  |c Vladimír Mezencev 
300 |b Fotografie 
336 |a text  |b txt  |2 rdacontent 
337 |a bez média  |b n  |2 rdamedia 
338 |a zväzok  |b nc  |2 rdacarrier 
600 1 7 |a Kolláth, František,  |d 1943-2022  |2 kevkjb  |9 1019280 
650 0 7 |a osobnosti  |2 SNKPH  |9 29820 
650 0 7 |a ľadový hokej  |2 SNKPH  |9 3231 
651 7 |a Košice (Slovensko)  |2 SNKPHgeo  |9 18694 
773 0 |t Korzár  |g Roč. XXII., č. 219 (20.9.2019), s. 15  |x 2585-7355 
852 |a KEVKJB  |b KIS3GCP 
856 4 1 |u https://kosice.korzar.sme.sk/c/22134212/nestal-som-vela-len-niekolko-flias-slivovice-smeje-sa-frantisek-kollath.html 
958 |a BX 
999 |c 2152255  |d 2154185